000 00648nam a2200253Ia 4500
003 OSt
005 20221007104524.0
006 a|||||r|||| 00| 0
007 ta
008 221006b |||||||| |||| 00| 0 eng d
024 _a16,081
037 _cTextual
040 _aLCO
_cLCO
_beng
041 _2eng
_aeng
082 _aZ2,7,51, L7
100 _aField C.D
_9682486
245 0 _aLaw Relating to Burden of Proof
250 _a2nd
260 _aAllahabad
_bDelhi Law House India
_c1977
300 _a1124
650 _aBURDEN OF PROOF
_9706108
942 _hZ2,7,51, L7
_cTEXL
999 _c1185644
_d1185644